| 000 | 00350 a2200157 4500 | ||
|---|---|---|---|
| 001 | 56380 | ||
| 020 | _a8524580143 | ||
| 040 | _cAnchieta - Pituba | ||
| 100 | _aAlbergaria, Lino de | ||
| 240 | 1 | 0 |
_aUma cor dentro da terra _lpor |
| 245 | 1 | 0 | _aUma cor dentro da terra |
| 300 | _a112 | ||
| 362 | 0 | _a1990 | |
| 650 | 4 | _aLiteratura juvenil | |
| 942 | _cBK | ||
| 999 |
_c56380 _d56380 |
||